000 00631nam a2200229Ia 4500
003 OSt
005 20221007072942.0
006 a|||||r|||| 00| 0
007 ta
008 221006b |||||||| |||| 00| 0 eng d
024 _a27,814
037 _cReports / Technical Reports
040 _aFLL
_cFLL
_beng
041 _2eng
_aeng
082 _aZ73,1941, L9
100 _aBryant Clifton D.
245 0 _aKhaki- collar crime
260 _aLondon
_bThe Free Press UK
_c1979
300 _axii,388p
_ccm.
942 _hZ73,1941, L9
_cREP
_2CC
999 _c1147349
_d1147349